[Event "41st Olympiad Women 2014"]
[Site "Tromso NOR"]
[Date "2014.08.04"]
[Round "3.43"]
[Board "4"]
[White "Chang, Suzana"]
[Black "Bakalarz, Grazyna"]
[Result "1/2-1/2"]
[WhiteTitle "WFM"]
[BlackTitle "WFM"]
[WhiteElo "1991"]
[BlackElo "1972"]
[WhiteTeam "Brazil"]
[BlackTeam "Luxembourg"]
[WhiteFideId "2105985"]
[BlackFideId "4000730"]
[EventDate "2014.08.02"]

1. e4 e5 2. Nf3 Nf6 3. Nc3 Nc6 4. Bb5 Bb4 5. O-O O-O 6. Re1 d6 7. a3 Bc5 8. Bxc6
bxc6 9. Na4 Bb6 10. Nxb6 axb6 11. d4 exd4 12. Nxd4 c5 13. Nb5 Bd7 14. Nc3 h6 15.
Bf4 Bg4 16. f3 Be6 17. Qd2 Re8 18. Rad1 Nd7 19. a4 Ne5 20. b3 Nc6 21. Nb5 Qe7
22. c4 Rad8 23. Qc3 Nb4 24. Bc1 c6 25. Bb2 f6 26. Na3 d5 27. e5 d4 28. Qd2 fxe5
29. Rxe5 Qf6 30. Rde1 Bf7 31. f4 Rxe5 32. Rxe5 1/2-1/2

[Event "41st Olympiad Women 2014"]
[Site "Tromso NOR"]
[Date "2014.08.04"]
[Round "3.44"]
[Board "1"]
[White "Mouradian, Knarik"]
[Black "Lyons, Kieran"]
[Result "1-0"]
[WhiteTitle "WIM"]
[BlackTitle "WFM"]
[WhiteElo "2188"]
[BlackElo "1811"]
[WhiteTeam "Lebanon"]
[BlackTeam "Fiji"]
[WhiteFideId "5300517"]
[BlackFideId "11400102"]
[EventDate "2014.08.02"]

1. e4 c5 2. d3 Nc6 3. g3 e6 4. Bg2 d5 5. Nd2 Nf6 6. Ngf3 d4 7. O-O e5 8. Nc4 Qc7
9. a4 Be7 10. Nh4 Bg4 11. f3 Be6 12. Nf5 O-O 13. b3 Bxf5 14. exf5 Nd5 15. f4 Nc3
16. Qe1 Nb4 17. Qf2 Bf6 18. fxe5 Bxe5 19. Nxe5 Qxe5 20. Re1 Qc7 21. f6 Rfe8 22.
Bf4 Qb6 23. fxg7 Re6 24. Rxe6 Qxe6 25. Re1 Qd7 26. Re5 Re8 27. Qe1 Rxe5 28. Qxe5
Nxc2 29. Bh6 Nb4 30. Qb8+ 1-0

[Event "41st Olympiad Women 2014"]
[Site "Tromso NOR"]
[Date "2014.08.04"]
[Round "3.44"]
[Board "2"]
[White "Sukhu, Gloria"]
[Black "Nekrasova, Elena"]
[Result "0-1"]
[WhiteTitle "WCM"]
[BlackTitle "WFM"]
[WhiteElo "1501"]
[BlackElo "2076"]
[WhiteTeam "Fiji"]
[BlackTeam "Lebanon"]
[WhiteFideId "11400099"]
[BlackFideId "14100908"]
[EventDate "2014.08.02"]

1. d4 d5 2. c4 dxc4 3. Nc3 Nf6 4. e4 e5 5. Bg5 exd4 6. Nd5 c6 7. Nxf6+ gxf6 8.
Bh4 Qa5+ 9. Qd2 Bb4 10. O-O-O Bxd2+ 11. Rxd2 Qxa2 12. Bxf6 Qa1+ 13. Kc2 Qxf1 14.
Bxd4 Rg8 15. Bf6 Nd7 16. Rd1 Qxf2+ 17. Rd2 Qf1 18. g3 Nxf6 19. h4 Be6 20. Rhh2
Qxg1 21. e5 Bf5+ 22. Kc3 Qc1+ 23. Kb4 b6 24. exf6 a5+ 0-1

[Event "41st Olympiad Women 2014"]
[Site "Tromso NOR"]
[Date "2014.08.04"]
[Round "3.44"]
[Board "3"]
[White "Jalloul, Maya M."]
[Black "Vukikomoala, Hilda"]
[Result "1-0"]
[WhiteTitle "WFM"]
[BlackTitle "WFM"]
[WhiteElo "1922"]
[BlackElo "1461"]
[WhiteTeam "Lebanon"]
[BlackTeam "Fiji"]
[WhiteFideId "5300800"]
[BlackFideId "11400269"]
[EventDate "2014.08.02"]

1. c4 e5 2. Nc3 Nf6 3. g3 c6 4. d4 exd4 5. Qxd4 Be7 6. Bg2 O-O 7. e3 d6 8. Nge2
Nbd7 9. O-O Re8 10. b3 Ne5 11. h3 Ng6 12. Bb2 Be6 13. Rad1 c5 14. Qd2 Qd7 15.
Kh2 Rad8 16. Nd5 Bxd5 17. cxd5 h5 18. Nf4 Nxf4 19. gxf4 Qf5 20. Rg1 g6 21. Qc3
Kh7 22. Bf3 Rg8 23. Rg5 Qd7 24. Rdg1 Rde8 25. Qc2 Ne4 26. Bxe4 Bxg5 27. Rxg5 Kh6
28. Bf3 Qe7 29. Bxh5 gxh5 30. Rxh5+ Kxh5 31. Qh7# 1-0

[Event "41st Olympiad Women 2014"]
[Site "Tromso NOR"]
[Date "2014.08.04"]
[Round "3.45"]
[Board "1"]
[White "Koskoska, Gabriela"]
[Black "Skytte, Torill"]
[Result "1-0"]
[WhiteTitle "WIM"]
[WhiteElo "2102"]
[BlackElo "1991"]
[WhiteTeam "FYROM"]
[BlackTeam "Norway 3"]
[WhiteFideId "15000630"]
[BlackFideId "1503260"]
[EventDate "2014.08.02"]

1. e4 e6 2. Qe2 Be7 3. f4 d5 4. d3 c5 5. Nf3 Nc6 6. g3 Nf6 7. Bg2 O-O 8. O-O b5
9. e5 Ne8 10. c4 Nc7 11. Na3 Rb8 12. b3 a5 13. Be3 Qd7 14. Bf2 Ba6 15. Rfd1 d4
16. h4 Rb6 17. Ng5 f6 18. exf6 Bxf6 19. cxb5 Bxb5 20. Nxb5 Rxb5 21. Re1 Bxg5 22.
hxg5 Ne7 23. Be4 e5 24. fxe5 Qh3 25. Rf1 Rb6 26. Bg2 Qc8 27. Rac1 Nb5 28. Be1
Nf5 29. Qf3 Nc3 30. Bxc3 dxc3 31. Bh3 g6 32. Rxc3 Kg7 33. g4 Qd8 34. gxf5 Qd4+
35. Qf2 Qxc3 36. f6+ Kh8 37. e6 Qe5 38. Qf4 Rxe6 39. Bxe6 Qxe6 40. Qe4 Qh3 41.
Rf3 Qh5 42. Qf4 h6 43. gxh6 g5 44. Qf5 Qe8 45. f7 Qe1+ 46. Kg2 Qe7 47. Qf6+ Qxf6
48. Rxf6 Kh7 49. Kg3 1-0

[Event "41st Olympiad Women 2014"]
[Site "Tromso NOR"]
[Date "2014.08.04"]
[Round "3.45"]
[Board "2"]
[White "Kyrkjebo, Marte B."]
[Black "Stojkovska, Monika"]
[Result "0-1"]
[BlackTitle "WFM"]
[WhiteElo "1732"]
[BlackElo "2027"]
[WhiteTeam "Norway 3"]
[BlackTeam "FYROM"]
[WhiteFideId "1511602"]
[BlackFideId "15002594"]
[EventDate "2014.08.02"]

1. e4 c5 2. Nc3 d6 3. g3 g6 4. Bg2 Bg7 5. d3 Nc6 6. Be3 e6 7. Qd2 Nd4 8. Nd1 Rb8
9. c3 Nc6 10. Ne2 b5 11. O-O b4 12. f4 Nge7 13. d4 bxc3 14. bxc3 cxd4 15. cxd4
Na5 16. Rc1 d5 17. e5 Nc4 18. Qc3 O-O 19. Bf2 Ba6 20. Re1 Qd7 21. Ne3 Rb6 22.
Nxc4 Bxc4 23. Rc2 Rfb8 24. Nc1 Qa4 25. Bf1 Bxf1 26. Kxf1 Rc6 27. Qd3 Qxc2 28.
Qxc2 Rxc2 0-1

[Event "41st Olympiad Women 2014"]
[Site "Tromso NOR"]
[Date "2014.08.04"]
[Round "3.45"]
[Board "3"]
[White "Bejatovic, Bojana"]
[Black "Rodsmoen, Maud"]
[Result "0-1"]
[WhiteElo "1980"]
[BlackElo "1805"]
[WhiteTeam "FYROM"]
[BlackTeam "Norway 3"]
[WhiteFideId "15000141"]
[BlackFideId "1510550"]
[EventDate "2014.08.02"]

1. d4 d5 2. Nf3 Nf6 3. Bf4 Bf5 4. e3 e6 5. Nbd2 c5 6. c3 Nbd7 7. Be2 Be7 8. O-O
h6 9. Ne5 O-O 10. h3 Rc8 11. Bh2 Nxe5 12. dxe5 Nd7 13. f4 Qb6 14. Qc1 Bh7 15.
Kh1 f6 16. c4 fxe5 17. fxe5 Rxf1+ 18. Bxf1 Rf8 19. Nf3 Be4 20. Be2 dxc4 21. Qxc4
Bd5 22. Qc2 Qc6 23. Rf1 Nb6 24. Bf4 Be4 25. Bd3 Bxd3 26. Qxd3 Nd5 27. Nd2 Nxf4
28. Rxf4 Rd8 29. Qc3 Qd5 30. Ne4 Qxa2 31. Qc2 Qa1+ 32. Kh2 Rd1 33. Nf6+ Bxf6 34.
exf6 Rh1+ 35. Kg3 Qe1+ 36. Kg4 Qd1+ 37. Qxd1 Rxd1 38. fxg7 Rd2 39. Kh5 Kxg7 40.
Rg4+ Kh7 41. b3 Rd5+ 42. Kh4 b5 43. Re4 Rg5 44. Rxe6 Rxg2 45. Rc6 Rb2 46. Rxc5
Rxb3 47. Rc7+ Kg6 48. Rxa7 Rxe3 49. Rb7 Re4+ 50. Kg3 Rb4 51. Rb6+ Kh5 52. Rb8
Rb2 53. Rb6 Kg5 54. h4+ Kh5 55. Kf4 b4 56. Ke3 b3 57. Kd3 Rh2 58. Ke3 Rxh4 59.
Kf3 Rh1 60. Kg2 Rb1 61. Rb8 Kg4 62. Rg8+ Kf4 63. Rf8+ Ke3 64. Re8+ Kd3 65. Rd8+
Kc3 66. Rc8+ Kb2 67. Rh8 Rc1 68. Kf3 Rh1 69. Kg2 Rh5 70. Kf3 Ka3 71. Ra8+ Kb4
72. Ra1 b2 73. Re1 Ka3 74. Re3+ Ka2 75. Re2 Ka1 0-1

[Event "41st Olympiad Women 2014"]
[Site "Tromso NOR"]
[Date "2014.08.04"]
[Round "3.45"]
[Board "4"]
[White "Jacobsen, Elise Sjottem"]
[Black "Manova, Ivana"]
[Result "1-0"]
[WhiteElo "1697"]
[BlackElo "1626"]
[WhiteTeam "Norway 3"]
[BlackTeam "FYROM"]
[WhiteFideId "1516493"]
[BlackFideId "15003590"]
[EventDate "2014.08.02"]

1. e4 e5 2. d4 exd4 3. Qxd4 Nc6 4. Qe3 g6 5. Bd2 Bg7 6. Nc3 Nge7 7. O-O-O O-O 8.
Bc4 d6 9. h4 Na5 10. Be2 Be6 11. h5 f6 12. g4 Rf7 13. hxg6 Nxg6 14. f4 Nf8 15.
Qh3 Bh8 16. Nf3 Qd7 17. Rdg1 Rg7 18. f5 Bc4 19. g5 Kf7 20. Bxc4+ Nxc4 21. Nd5
Rg8 22. Qh5+ Ng6 23. Qxh7+ Rg7 24. fxg6+ 1-0

[Event "41st Olympiad Women 2014"]
[Site "Tromso NOR"]
[Date "2014.08.04"]
[Round "3.46"]
[Board "1"]
[White "Al-khelaifi, Aisha"]
[Black "Cori T., Deysi"]
[Result "0-1"]
[BlackTitle "WGM"]
[WhiteElo "1690"]
[BlackElo "2422"]
[WhiteTeam "Qatar"]
[BlackTeam "Peru"]
[WhiteFideId "12100625"]
[BlackFideId "3801934"]
[EventDate "2014.08.02"]

1. e4 e6 2. d4 d5 3. Nc3 a6 4. Nge2 Ne7 5. exd5 Nxd5 6. Nxd5 Qxd5 7. c3 Bd6 8.
Qc2 e5 9. Be3 O-O 10. a3 Nc6 11. c4 Qa5+ 12. Bd2 Bb4 13. d5 Bf5 14. Qd1 Bxd2+
15. Qxd2 Qxd2+ 16. Kxd2 Rfd8 17. Kc3 Ne7 18. Ng3 Rd7 19. Rd1 Rad8 20. Nxf5 Nxf5
21. Bd3 Ne7 22. Rhe1 f6 23. Re2 c6 24. dxc6 Nxc6 25. Red2 Nd4 26. f4 g6 27. fxe5
fxe5 28. Be4 Kg7 29. Bd5 Rc7 30. Be4 b5 31. Bd3 Rb8 32. Re1 bxc4 33. Bxc4 Rb3# 0-1

[Event "41st Olympiad Women 2014"]
[Site "Tromso NOR"]
[Date "2014.08.04"]
[Round "3.46"]
[Board "2"]
[White "Apaza, Flor"]
[Black "Al-Khelaifi, Kholoud"]
[Result "1-0"]
[WhiteElo "1552"]
[BlackElo "1511"]
[WhiteTeam "Peru"]
[BlackTeam "Qatar"]
[WhiteFideId "3801888"]
[BlackFideId "12100145"]
[EventDate "2014.08.02"]

1. c4 e6 2. Nc3 d5 3. cxd5 exd5 4. d4 c6 5. Nf3 Nf6 6. Bf4 Be7 7. e3 O-O 8. Bd3
Bg4 9. Qc2 h6 10. h3 Bxf3 11. gxf3 Nh5 12. Bh2 Nd7 13. O-O-O Nhf6 14. Rhg1 c5
15. Bf4 g5 16. h4 Nh5 17. hxg5 Nxf4 18. gxh6+ Ng6 19. Bxg6 Bg5 20. Nxd5 cxd4 21.
Rxd4 Rc8 22. Nc3 Qe7 23. Bf5 Ne5 24. Bxc8 Nxf3 25. Re4 Qc7 26. Rg3 Qxg3 27. fxg3
Rxc8 28. Rg4 b5 29. Qf5 b4 30. Qxc8+ Kh7 31. Qf5+ 1-0

[Event "41st Olympiad Women 2014"]
[Site "Tromso NOR"]
[Date "2014.08.04"]
[Round "3.46"]
[Board "3"]
[White "Safar, Alshaymaa"]
[Black "Valdivia Cano, Nicole"]
[Result "1-0"]
[WhiteTitle "WCM"]
[WhiteElo "1594"]
[BlackElo "1550"]
[WhiteTeam "Qatar"]
[BlackTeam "Peru"]
[WhiteFideId "12100510"]
[BlackFideId "3817504"]
[EventDate "2014.08.02"]

1. d4 d5 2. c4 c6 3. Nc3 e6 4. cxd5 exd5 5. Bf4 Nf6 6. Nf3 Bb4 7. Bd2 Bf5 8. e3
Nbd7 9. Nh4 Bg4 10. Nf3 O-O 11. Be2 Re8 12. O-O Qc7 13. Rc1 Bd6 14. Nb5 Qb8 15.
Nxd6 Qxd6 16. Qb3 Nb6 17. Bb4 Qe6 18. Qd1 Ne4 19. Ne5 Bxe2 20. Qxe2 f6 21. Nd3
Nc4 22. b3 Ncd6 23. Bxd6 Nxd6 24. Nc5 Qe7 25. Qg4 f5 26. Qd1 Rf8 27. Re1 Rf6 28.
Nd3 Rh6 29. Qf3 Rf8 30. Ne5 Rff6 31. Qe2 Nf7 32. f4 Nxe5 33. fxe5 Rfg6 34. Qf2
Rg5 35. Rc2 Rhg6 36. Qf1 h5 37. Rf2 h4 38. Rxf5 Rxg2+ 39. Qxg2 Rxg2+ 40. Kxg2
h3+ 41. Kg3 c5 42. Ref1 cxd4 43. exd4 Qb4 44. Rf8+ Kh7 45. R8f4 Qc3+ 46. R1f3
Qd2 47. Rf2 Qe3+ 48. R2f3 Qd2 49. Kxh3 Qxa2 50. Re3 Qd2 51. Rff3 g5 52. e6 g4+
53. Kxg4 Qxd4+ 54. Kg3 Qg7+ 55. Kh3 Qh6+ 56. Kg2 d4 57. Rh3 dxe3 58. Rxh6+ Kxh6
59. e7 1-0

[Event "41st Olympiad Women 2014"]
[Site "Tromso NOR"]
[Date "2014.08.04"]
[Round "3.49"]
[Board "1"]
[White "Sanchez Castillo, Sarai Carolina"]
[Black "Zsiltzova-Lisenko, Lubov"]
[Result "1-0"]
[WhiteTitle "IM"]
[BlackTitle "WIM"]
[WhiteElo "2207"]
[BlackElo "2262"]
[WhiteTeam "Venezuela"]
[BlackTeam "IBCA"]
[WhiteFideId "3900754"]
[BlackFideId "14101360"]
[EventDate "2014.08.02"]

1. e4 c5 2. Nf3 Nc6 3. Bb5 g6 4. O-O Bg7 5. Re1 Nf6 6. Nc3 O-O 7. e5 Ne8 8. Bxc6
bxc6 9. Ne4 Qb6 10. d3 Nc7 11. Bg5 Re8 12. Rb1 Ne6 13. Be3 Qa5 14. Nxc5 Nxc5 15.
b4 Qxa2 16. Bxc5 Qa6 17. Qd2 Qb7 18. Qf4 h6 19. Qh4 Kf8 20. Be3 g5 21. Qh5 d6
22. h4 Bf5 23. hxg5 Bg6 24. Qh2 hxg5 25. exd6 g4 26. Nh4 Bh7 27. dxe7+ Kg8 28.
Bc5 Bf6 29. Qf4 Bxe7 30. Rxe7 Rxe7 31. Qg5+ Kf8 32. Re1 Re8 33. Qf6 Kg8 34. Rxe7
Rxe7 35. Qxe7 Qxe7 36. Bxe7 f5 37. g3 Kf7 38. Bc5 a6 39. Ng2 Bg8 40. Kf1 Kf6 41.
Bd4+ Ke7 42. Ke2 Bd5 43. Nh4 Ke6 44. c4 Bh1 1-0

[Event "41st Olympiad Women 2014"]
[Site "Tromso NOR"]
[Date "2014.08.04"]
[Round "3.49"]
[Board "2"]
[White "Stolarczyk, Anna"]
[Black "Rovira Contreras, Tairu Manuela"]
[Result "1-0"]
[WhiteTitle "WCM"]
[BlackTitle "WIM"]
[WhiteElo "1994"]
[BlackElo "2076"]
[WhiteTeam "IBCA"]
[BlackTeam "Venezuela"]
[WhiteFideId "1126423"]
[BlackFideId "3900533"]
[EventDate "2014.08.02"]

1. d4 Nf6 2. c4 e6 3. Nf3 Bb4+ 4. Bd2 Qe7 5. g3 Bxd2+ 6. Qxd2 d6 7. Nc3 O-O 8.
Bg2 Nbd7 9. O-O Re8 10. Rfe1 e5 11. e3 Nf8 12. b4 c6 13. d5 cxd5 14. cxd5 Bf5
15. e4 Bg4 16. Nh4 Rec8 17. f3 Bd7 18. Rac1 Qd8 19. a3 Qb6+ 20. Qf2 Qa6 21. Qb2
Qd3 22. Bf1 Qd4+ 23. Kh1 Ne8 24. Red1 Qb6 25. Bd3 Rc7 26. Ng2 Rac8 27. Ne2 Qf2
28. Rxc7 Rxc7 29. Ne1 Ba4 30. Rb1 Bd7 31. Ng1 Qe3 32. Qe2 Qh6 33. Ng2 Rc3 34.
Ra1 Rc1 35. Ra2 Ba4 36. Ne3 Nf6 37. Nf5 Qg5 38. h4 Qh5 39. g4 Bd1 40. gxh5 Bxe2
41. Bxe2 Nxh5 42. Kg2 Ng6 43. Nh3 Kf8 44. Nxd6 Nxh4+ 45. Kf2 Rh1 46. Ng5 Nf4 47.
Rc2 1-0

[Event "41st Olympiad Women 2014"]
[Site "Tromso NOR"]
[Date "2014.08.04"]
[Round "3.49"]
[Board "3"]
[White "Montilla, Jorcerys"]
[Black "Valner, Shafiga"]
[Result "1-0"]
[WhiteTitle "WIM"]
[BlackTitle "WCM"]
[WhiteElo "2118"]
[BlackElo "1849"]
[WhiteTeam "Venezuela"]
[BlackTeam "IBCA"]
[WhiteFideId "3900517"]
[BlackFideId "24161276"]
[EventDate "2014.08.02"]

1. d4 d5 2. c4 e6 3. Nc3 Nf6 4. cxd5 exd5 5. Bg5 Nbd7 6. Qc2 c6 7. e3 Be7 8. Bd3
h6 9. Bh4 O-O 10. Nge2 Re8 11. O-O Nf8 12. f3 Ne6 13. Bf2 Bd6 14. h3 Qc7 15. e4
dxe4 16. fxe4 Be7 17. Be3 b6 18. e5 Nd7 19. Bh7+ Kf8 20. Rxf7+ Kxf7 21. Qg6+ Kf8
22. Rf1+ Nf6 23. exf6 Bxf6 24. Rxf6+ gxf6 25. Qxf6+ Qf7 26. Bxh6+ 1-0

[Event "41st Olympiad Women 2014"]
[Site "Tromso NOR"]
[Date "2014.08.04"]
[Round "3.49"]
[Board "4"]
[White "Zarubinskaya, Irina"]
[Black "Varela La Madrid, Tilsia Carolin"]
[Result "1/2-1/2"]
[BlackTitle "WIM"]
[WhiteElo "1812"]
[BlackElo "2008"]
[WhiteTeam "IBCA"]
[BlackTeam "Venezuela"]
[WhiteFideId "14124440"]
[BlackFideId "3903001"]
[EventDate "2014.08.02"]

1. e4 d5 2. exd5 Qxd5 3. Nc3 Qa5 4. d4 Nf6 5. Nf3 Bf5 6. Bd3 Bxd3 7. Qxd3 c6 8.
Bd2 Nbd7 9. Ne4 Qc7 10. O-O-O O-O-O 11. Nxf6 Nxf6 12. Qe2 e6 13. Bg5 Bd6 14. g3
Qa5 15. Kb1 Qf5 16. Bxf6 Qxf6 17. Ne5 c5 18. Ng4 Qe7 19. Qc4 Kb8 20. d5 Rhe8 21.
dxe6 Qxe6 22. Qxe6 Rxe6 23. Ne3 Rde8 24. Rd5 Be5 25. c3 b6 26. Rhd1 g6 27. Rd7
R6e7 28. Ng4 Bg7 29. Kc2 h5 30. Ne3 Bh6 31. Rxe7 Rxe7 32. Kd3 Bxe3 33. fxe3 Rd7+
34. Ke2 Rxd1 35. Kxd1 Kc7 36. c4 Kd6 37. Ke2 Ke5 38. Kd3 Kf5 39. h3 g5 40. e4+
Ke5 41. Ke3 a6 42. b3 a5 43. a3 Kd6 44. Kf3 Ke6 45. Ke2 Kd7 46. Kf2 Ke6 47. Ke2
Kf6 48. Kf3 Kg6 49. Ke3 Kf6 50. Kf3 Ke5 51. Ke3 f6 52. a4 f5 53. exf5 Kxf5 54.
Kf3 Ke5 55. Ke3 g4 56. hxg4 hxg4 57. Kd3 Kf5 58. Ke3 Ke5 1/2-1/2

[Event "41st Olympiad Women 2014"]
[Site "Tromso NOR"]
[Date "2014.08.04"]
[Round "3.50"]
[Board "1"]
[White "Ptacnikova, Lenka"]
[Black "Melnik, Galina"]
[Result "1-0"]
[WhiteTitle "WGM"]
[BlackTitle "WIM"]
[WhiteElo "2273"]
[BlackElo "2017"]
[WhiteTeam "Iceland"]
[BlackTeam "IPCA"]
[WhiteFideId "305650"]
[BlackFideId "4121929"]
[EventDate "2014.08.02"]

1. c4 c6 2. Nf3 Nf6 3. g3 d5 4. b3 Bf5 5. Bg2 e6 6. O-O Bd6 7. Bb2 Nbd7 8. d3
O-O 9. Nc3 h6 10. e4 Bh7 11. Qe2 dxe4 12. dxe4 Qc7 13. Nd4 Rfd8 14. Rfd1 Bc5 15.
Na4 Be7 16. Rac1 Nc5 17. Nxc5 Bxc5 18. e5 Nd7 19. f4 Nf8 20. Kh1 Rd7 21. Nf3
Rad8 22. Bc3 a5 23. Rxd7 Rxd7 24. Rd1 Bb4 25. Bb2 Qd8 26. Rxd7 Qxd7 27. Bf1 Bc5
28. Bc3 b6 29. h3 Bb4 30. Bd4 Qd8 31. Kh2 Ba3 32. Bf2 Be7 33. Nd4 c5 34. Nb5 g5
35. Bg2 1-0

[Event "41st Olympiad Women 2014"]
[Site "Tromso NOR"]
[Date "2014.08.04"]
[Round "3.50"]
[Board "2"]
[White "Kurochkina, Elena"]
[Black "Thorsteinsdottir, Hallgerdur"]
[Result "0-1"]
[WhiteElo "1797"]
[BlackElo "1982"]
[WhiteTeam "IPCA"]
[BlackTeam "Iceland"]
[WhiteFideId "24145890"]
[BlackFideId "2302454"]
[EventDate "2014.08.02"]

1. d4 Nf6 2. c4 g6 3. Nc3 d5 4. cxd5 Nxd5 5. Bd2 Bg7 6. e4 Nb6 7. Be3 O-O 8. h3
Nc6 9. Nf3 Kh8 10. Be2 f5 11. exf5 Bxf5 12. O-O Nb4 13. Rc1 N4d5 14. Qd2 c6 15.
Bh6 Qd6 16. Bxg7+ Kxg7 17. Ne5 Rad8 18. Bf3 Nc7 19. Rcd1 Ne6 20. Qe3 Nxd4 21.
Bg4 Bxg4 22. Nxg4 c5 23. Rfe1 e6 24. Ne4 Qe7 25. Qc3 Na4 26. Qc1 Rf5 27. Ng3
Rfd5 28. b3 Nb6 29. Qh6+ Kg8 30. Ne3 R5d7 31. Qf4 Nd5 32. Nxd5 Rxd5 33. Qe4 b6
34. Kf1 Kf7 35. Rd3 Qf6 36. Rde3 R8d6 37. Qg4 h5 38. Qe4 h4 39. Ne2 Nxe2 40.
R3xe2 Qd4 41. Qxd4 Rxd4 42. Rc2 Rd2 43. Rec1 Kf6 44. Ke1 Rxc2 45. Rxc2 Rd4 46.
Ke2 g5 47. Ke3 Kf5 48. Rc1 a5 49. Rc2 Ke5 50. Rc1 Kd5 51. Rc3 b5 52. g3 a4 53.
Rd3 Rxd3+ 54. Kxd3 axb3 55. axb3 c4+ 56. bxc4+ bxc4+ 57. Kc3 Ke5 0-1

[Event "41st Olympiad Women 2014"]
[Site "Tromso NOR"]
[Date "2014.08.04"]
[Round "3.50"]
[Board "3"]
[White "Finnbogadottir, Tinna Kristin"]
[Black "Kaydanovich, Marina"]
[Result "1-0"]
[BlackTitle "WIM"]
[WhiteElo "1915"]
[BlackElo "1851"]
[WhiteTeam "Iceland"]
[BlackTeam "IPCA"]
[WhiteFideId "2300214"]
[BlackFideId "4134877"]
[EventDate "2014.08.02"]

1. e4 e5 2. Nf3 Nc6 3. Bc4 Bc5 4. c3 Nf6 5. d3 h6 6. O-O d6 7. Bb3 O-O 8. h3 Bb6
9. Nbd2 Re8 10. Re1 Be6 11. Bc2 Qe7 12. Nf1 Rad8 13. Ng3 Nb8 14. Nh4 c6 15. Nhf5
Bxf5 16. Nxf5 Qd7 17. Qf3 Re6 18. Qg3 Ne8 19. Nxh6+ Kf8 20. Nf5 Rg6 21. Qh4 Kg8
22. Ne7+ Kf8 23. Nxg6+ fxg6 24. Bb3 1-0

[Event "41st Olympiad Women 2014"]
[Site "Tromso NOR"]
[Date "2014.08.04"]
[Round "3.50"]
[Board "4"]
[White "Konkolova, Nikola"]
[Black "Kristinardottir, Elsa Maria"]
[Result "0-1"]
[WhiteElo "1481"]
[BlackElo "1839"]
[WhiteTeam "IPCA"]
[BlackTeam "Iceland"]
[WhiteFideId "14924242"]
[BlackFideId "2300370"]
[EventDate "2014.08.02"]

1. e4 c6 2. d4 d5 3. exd5 cxd5 4. Bd3 Nf6 5. Bf4 Bg4 6. Ne2 Nc6 7. c3 e6 8. Nd2
Rc8 9. Qb3 Qd7 10. O-O Be7 11. Rae1 O-O 12. Ng3 Nh5 13. Nxh5 Bxh5 14. Re3 Bg6
15. Qc2 Nb4 16. Qb1 Nxd3 17. Rxd3 Qb5 18. Qc1 Qxd3 19. Nf3 Bf6 20. Rd1 Qc2 0-1

[Event "41st Olympiad Women 2014"]
[Site "Tromso NOR"]
[Date "2014.08.04"]
[Round "3.52"]
[Board "1"]
[White "Wang, Chengjia"]
[Black "Wakuruwarewa, Colletta"]
[Result "1-0"]
[WhiteElo "1989"]
[BlackElo "1633"]
[WhiteTeam "South Korea"]
[BlackTeam "Zimbabwe"]
[WhiteFideId "8601844"]
[BlackFideId "11001305"]
[EventDate "2014.08.02"]

1. e4 c5 2. Nf3 Nc6 3. d4 cxd4 4. Nxd4 Nf6 5. Nc3 e6 6. a3 Bc5 7. Nb3 Bb6 8. Bg5
h6 9. Bh4 d6 10. Be2 a6 11. O-O Ne5 12. Bg3 O-O 13. Kh1 Bc7 14. f4 Ng6 15. Bd3
b5 16. Qe2 Bb7 17. Rad1 Qe7 18. Nd4 Rfe8 19. e5 dxe5 20. fxe5 Nd7 21. Nxe6 Bxe5
22. Nc7 Bxc7 23. Qxe7 Rxe7 24. Bxc7 Nde5 25. Bd6 Rd7 26. Bf5 Rdd8 27. b3 Bc8 28.
Be4 Ra7 29. Bxe5 Rxd1 30. Rxd1 Bg4 31. Rd8+ Kh7 32. Bd4 Re7 33. h3 Be6 34. Rd6
a5 35. Bxg6+ Kxg6 36. Nxb5 f6 37. Bc3 Bf5 38. Nd4 Rc7 39. Bxa5 Bxc2 40. Bxc7 1-0

[Event "41st Olympiad Women 2014"]
[Site "Tromso NOR"]
[Date "2014.08.04"]
[Round "3.52"]
[Board "2"]
[White "Zengeni, Tatenda Melisa"]
[Black "Lim, Hakyung"]
[Result "0-1"]
[BlackTitle "WCM"]
[WhiteElo "1660"]
[BlackElo "1567"]
[WhiteTeam "Zimbabwe"]
[BlackTeam "South Korea"]
[WhiteFideId "11001313"]
[BlackFideId "13200615"]
[EventDate "2014.08.02"]

1. d4 d5 2. Nf3 Nf6 3. e3 Bf5 4. Bd3 Bxd3 5. Qxd3 e6 6. b3 c6 7. Bb2 Nbd7 8.
Nbd2 Bd6 9. O-O O-O 10. e4 dxe4 11. Nxe4 Nxe4 12. Qxe4 Nf6 13. Qe2 Qe7 14. Rad1
Rad8 15. Rfe1 Rfe8 16. Ne5 Ba3 17. Bxa3 Qxa3 18. c3 a5 19. Nc4 Qe7 20. Nxa5 Nd5
21. Qb2 Ra8 22. b4 Qc7 23. Ra1 b6 24. Nc4 Ra4 25. Qc2 Rea8 26. a3 Qb7 27. Ra2
Nc7 28. Nd6 Qa6 29. Rea1 Nb5 30. Nxb5 Qxb5 31. c4 Qg5 32. g3 Qd8 33. Qc3 h6 0-1

[Event "41st Olympiad Women 2014"]
[Site "Tromso NOR"]
[Date "2014.08.04"]
[Round "3.52"]
[Board "3"]
[White "You, Garam"]
[Black "Zengeni, Paidaishe"]
[Result "1/2-1/2"]
[BlackTitle "WCM"]
[WhiteElo "1487"]
[BlackElo "1678"]
[WhiteTeam "South Korea"]
[BlackTeam "Zimbabwe"]
[WhiteFideId "13200208"]
[BlackFideId "11000660"]
[EventDate "2014.08.02"]

1. e4 c5 2. Nf3 e6 3. c3 Nf6 4. e5 Nd5 5. d4 cxd4 6. cxd4 Nc6 7. Be2 Be7 8. O-O
O-O 9. Nbd2 a6 10. Ne4 d6 11. Be3 dxe5 12. dxe5 Nxe3 13. fxe3 Qb6 14. Qc1 Rd8
15. Bc4 Qc7 16. Nd6 Bxd6 17. exd6 Rxd6 18. Ng5 Ne5 19. Nxf7 Nxf7 20. Bxe6 Rd7
21. Rxf7 Qxc1+ 22. Rf1+ Kh8 23. Raxc1 Rd8 24. Bd5 Rb8 25. Rf7 Bd7 26. e4 Bc6 27.
Rcf1 Bxd5 28. exd5 h6 29. Rd1 Rd6 30. Re7 Kg8 31. Kf2 Kf8 32. Rc7 b5 33. Ke3
Re8+ 34. Kd4 Re2 35. Rf1+ Ke8 36. Kc5 Rd8 37. Rf3 Rd2 38. Rxg7 R8xd5+ 39. Kc6
Rd6+ 40. Kc7 Rd7+ 41. Rxd7 Rxd7+ 42. Kc6 Rd2 1/2-1/2